000 00853nam a2200253Ia 4500
003 OSt
005 20220916110921.0
006 a|||||r|||| 00| 0
007 ta
008 220915b |||||||| |||| 00| 0 hin d
024 _a268687
037 _cTextbook
040 _bhin
_aARTS
_cARTS
041 _ahin
082 _aO152v2:N0, 152K0;K7;3(TTPS)
100 _aकीथ, ए बी
245 0 _aसंस्कृत साहित्य का इतिहास
246 _aSanskṛut sāhitya kā itihāsa
260 _aवाराणसी
_bमोतीलाल प्रकाशन भारत
_c1967
300 _a756पण्
_ccm.
650 _aहिन्दी साहित्य
942 _hO152v2:N0, 152K0;K7;3(TTPS)
_cTB
_2CC
999 _c101339
_d101339